More than sympathy : the everyday needs of sick and handicapped children and their families /

Bibliographic Details
Main Author: Lansdown, Richard
Format: Book
Language:English
Published: London ; New York : Tavistock, 1980.
Subjects:

MARC

Tag First Indicator Second Indicator Subfields
LEADER 00000cam a2200000 a 4500
001 in00000088493
005 20151008065104.0
008 810316s1980 enka b 00110 eng d
010 |a  80040725  
020 |a 0422766305 
020 |z 0422766408 (pbk.) 
035 |a (OCoLC)07230096 
035 |9 AAK5332AM 
040 |a UUM  |c UUM  |d TXA  |d UtOrBLW 
049 |a TXAM  |c [1655539] 
090 |a HV697  |b .L35 
100 1 |a Lansdown, Richard. 
245 1 0 |a More than sympathy :  |b the everyday needs of sick and handicapped children and their families /  |c Richard Lansdown. 
264 1 |a London ;  |a New York :  |b Tavistock,  |c 1980. 
300 |a viii, 226 pages :  |b illustrations ;  |c 21 cm. 
336 |a text  |b txt  |2 rdacontent 
337 |a unmediated  |b n  |2 rdamedia 
338 |a volume  |b nc  |2 rdacarrier 
500 |a Includes indexes. 
504 |a Bibliography: pages [201]-207. 
650 0 |a Family social work. 
650 0 |a Children with disabilities  |x Care. 
650 0 |a Sick children. 
999 |a MARS 
999 f f |s f0951069-7dae-3a0c-aa7a-352e95d83203  |i 9e839001-9840-3e15-9f51-c5a5a8fc2f32  |t 0 
952 f f |p ric  |a Texas A&M University  |b Rellis Campus  |c Joint Library Facility  |d Remote Storage  |t 0  |e HV697 .L35  |h Library of Congress classification  |i unmediated -- volume  |m A14806145708 
998 f f |a HV697 .L35  |t 0  |l Remote Storage